| 000 | 00429nam a2200181Ia 4500 | ||
|---|---|---|---|
| 001 | 4775 | ||
| 005 | 20260306145820.0 | ||
| 008 | 260306t2007||||xx |||||||||||||| ||spa|| | ||
| 041 | _aESP | ||
| 082 |
_a330.03 _bS32 |
||
| 100 |
_aDe Sebastian, Luis _eAUT |
||
| 245 | 0 | _aBreve antologia de términos económicos | |
| 260 | _c2007 | ||
| 300 |
_a29páginas : _ccm. |
||
| 650 | _aGEN | ||
| 654 | _aCAN | ||
| 942 |
_cLIB _dJUS _fJUS _2ddc _n |
||
| 999 |
_c4775 _d4775 |
||